000 00492nam a2200181Ia 4500
005 20250326142605.0
008 250326s9999 xx 000 0 und d
037 _aTextbook
040 _aFMSL
_beng
_cFMSL
041 _aeng
_2eng
084 _qFMSL
100 _aHakansson H
_9741723
245 0 _aCorporate Technilogical Behaviour co_operation and Network
_cHakansson H
260 _aLondon
_bLondon, Routledge
_c1989
300 _a222p
942 _cTB
999 _c1295727
_d1295727